|
000
|
01140nam0 22002891 450
|
|
001
|
0111084910
|
|
005
|
20180111084910.0
|
|
010
|
|
@a978-7-121-26511-2@dCNY79.90 (含光盘)
|
|
010
|
|
@a978-7-89394-134-4@b光盘
|
|
100
|
|
@a20160622d2016 em y0chiy0121 ea
|
|
101
|
0
|
@achi
|
|
102
|
|
@aCN@b110000
|
|
105
|
|
@aa z 000yy
|
|
106
|
|
@ar
|
|
200
|
1
|
@aCATIA V5R21完全自学手册@ACATIA V5R21 wan quan zi xue shou ce@e配全程视频教程@f智建京编著
|
|
210
|
|
@a北京@c电子工业出版社@d2016.05
|
|
215
|
|
@a14,541页@c图@d26cm@e1光盘
|
|
300
|
|
@a全国职业技能CATIA认证指导用书
|
|
330
|
|
@a本书是CATIA V5R21软件的完全自学手册书籍,内容包括CATIA V5R21软件的安装、用户设置、二维草图、零件设计、装配、模型的测量与分析、曲面设计、钣金设计、工程图、高级渲染、DMU运动仿真与分析、有限元结构分析、模具设计和数控加工与编程等。
|
|
333
|
|
@a本书可作为工程技术人员的CATIA自学教程和参考书
|
|
606
|
0
|
@a机械设计@x计算机辅助设计@x应用软件@j手册
|
|
610
|
0
|
@aCATIA V5R21
|
|
690
|
|
@aTH122@v5
|
|
690
|
|
@aTH122-62@v5
|
|
701
|
0
|
@a智建京@Azhi jian jing@4编著
|
|
801
|
0
|
@aCN@b人天书店@c20160622
|
|
905
|
|
@aCKNYKJZYXY@b300584053-5@dTH122@e305@f3
|
|
|
|
|
| |
| CATIA V5R21完全自学手册:配全程视频教程/智建京编著.-北京:电子工业出版社,2016.05 |
| 14,541页:图;26cm+1光盘 |
| 全国职业技能CATIA认证指导用书.-使用对象:本书可作为工程技术人员的CATIA自学教程和参考书 |
| |
| ISBN 978-7-121-26511-2:CNY79.90 (含光盘) |
| 本书是CATIA V5R21软件的完全自学手册书籍,内容包括CATIA V5R21软件的安装、用户设置、二维草图、零件设计、装配、模型的测量与分析、曲面设计、钣金设计、工程图、高级渲染、DMU运动仿真与分析、有限元结构分析、模具设计和数控加工与编程等。 |
| ● |
正题名:CATIA V5R21完全自学手册
索取号:TH122/305
 
预约/预借
| 序号
|
登录号
|
条形码
|
馆藏地/架位号
|
状态
|
备注
|
|
1
|
584053
|
300584053
|
柳城-4楼/56架9列4层/
[索取号:TH122/305]
|
在馆
|
|
|
2
|
584054
|
300584054
|
柳城-4楼/56架9列4层/
[索取号:TH122/305]
|
在馆
|
|
|
3
|
584055
|
300584055
|
海科密-1楼/53架1列2层/
[索取号:TH122/305]
|
在馆
|
|